|
|
|
|
| LEADER |
00325 a2200121 4500 |
| 005 |
20151028162427.0 |
| 008 |
100617t xxu||||| |||| 00| 0 eng d |
| 020 |
|
|
|a 978-0-89603-408-2
|
| 100 |
|
|
|a Shafer, William M. (Ed.)
|9 28277
|
| 245 |
|
|
|a Antibacterial Peptide Protocols
|
| 260 |
|
|
|b Humana Pr Inc
|c 1997
|
| 942 |
|
|
|c BK
|6 _
|
| 999 |
|
|
|c 81772
|d 81772
|